Caroline Linda Annette Neville v The Cowdray Trust Ltd and Rathbone Trust Company Ltd (Record no. 77841)
[ view plain ]
| 000 -LEADER | |
|---|---|
| fixed length control field | 01838cab a2200205 4500 |
| 001 - CONTROL NUMBER | |
| control field | ##L135253 |
| 008 - FIXED-LENGTH DATA ELEMENTS--GENERAL INFORMATION | |
| fixed length control field | 061009n2006 000 0 eng u |
| 035 ## - SYSTEM CONTROL NUMBER | |
| System control number | (Sirsi) u135253 |
| 041 0# - LANGUAGE CODE | |
| Language code of text/sound track or separate title | eng |
| 245 00 - TITLE STATEMENT | |
| Title | Caroline Linda Annette Neville v The Cowdray Trust Ltd and Rathbone Trust Company Ltd |
| 260 ## - PUBLICATION, DISTRIBUTION, ETC. | |
| Date of publication, distribution, etc. | 2006 |
| 520 ## - SUMMARY, ETC. | |
| Summary, etc. | [2006] EWCA Civ 709, 5 May 2006. Considers whether the judgment that a tenant had satisfied the low rent requirements of the Leasehold Reform Act 1967 s4A was correct. Appeal by C against a declaration that N was entitled to purchase the freehold conversion of a property. N had been assigned in the tenancy in 1987 of two cottages converted into one dwelling house with a rateable value registered at £158. N sought entitlement to enfranchisement under the Act on the grounds that she had a long lease and satisfied the low rent test stipulated in s4A of the Act as the single dwelling had not existed at the time of the original lease and therefore had no rateable value. C contended that the judge had erred in his decision and that the Rent Act 1977 s25(1) applied to the ascertainment of the rateable value of the property under s4A of the 1967 Act. "Held": the judge erred in holding that the property had no rateable value at the commencement of the tenancy. The effect of the application of s25(1) of the 1977 Act to s4(A) of the 1967 Act was to direct attention to heriditaments whose value was shown in the rateable value register. |
| 590 ## - LOCAL NOTE (RLIN) | |
| Local note | IKA171006 |
| 650 24 - SUBJECT ADDED ENTRY--TOPICAL TERM | |
| Topical term or geographic name entry element | NEVILLE V COWDRAY TRUST AND ANOTHER |
| 650 24 - SUBJECT ADDED ENTRY--TOPICAL TERM | |
| Topical term or geographic name entry element | RENT ACT 1977 S25(1) |
| 651 #4 - SUBJECT ADDED ENTRY--GEOGRAPHIC NAME | |
| Geographic name | England and Wales |
| Chronological subdivision | 1543- |
| 690 ## - LOCAL SUBJECT ADDED ENTRY--TOPICAL TERM (OCLC, RLIN) | |
| Topical term or geographic name as entry element | PROPERTY-RURAL AND NATURAL ASSETS-AGRICULTURAL PROPERTY |
| 856 ## - ELECTRONIC LOCATION AND ACCESS | |
| Uniform Resource Identifier | <a href="https://www.bailii.org/ew/cases/EWCA/Civ/2006/709.html ">https://www.bailii.org/ew/cases/EWCA/Civ/2006/709.html </a> |
| Public note | View the judgment free of charge at www.bailii.org... |
| 942 ## - ADDED ENTRY ELEMENTS (KOHA) | |
| Suppress in OPAC | 0 |
| Withdrawn status | Lost status | Source of classification or shelving scheme | Damaged status | Not for loan | Home library | Current library | Shelving location | Date acquired | Total Checkouts | Full call number | Barcode | Date last seen | Copy number | Price effective from | Koha item type |
|---|---|---|---|---|---|---|---|---|---|---|---|---|---|---|---|
| Dewey Decimal Classification | Virtual | Virtual | Online | 09/10/2006 | ONLINE PUBLICATION | 135253-2001 | 06/08/2019 | 1 | 06/08/2019 | Law report |